<?xml version="1.0" encoding="UTF-8"?>
<record
    xmlns:xsi="http://www.w3.org/2001/XMLSchema-instance"
    xsi:schemaLocation="http://www.loc.gov/MARC21/slim http://www.loc.gov/standards/marcxml/schema/MARC21slim.xsd"
    xmlns="http://www.loc.gov/MARC21/slim">

  <leader>01607cam a2200229 a 4500</leader>
  <controlfield tag="001">000001349</controlfield>
  <controlfield tag="005">20200929145542.0</controlfield>
  <controlfield tag="008">751125s1952    cu       b    000 0 spa d</controlfield>
  <datafield tag="040" ind1=" " ind2=" ">
    <subfield code="a">DO-SdBNP</subfield>
    <subfield code="b">spa</subfield>
    <subfield code="c">BNPHU</subfield>
  </datafield>
  <datafield tag="082" ind1=" " ind2=" ">
    <subfield code="a">972.91</subfield>
    <subfield code="b">H673n</subfield>
  </datafield>
  <datafield tag="245" ind1="0" ind2="0">
    <subfield code="a">Historia de la Naci&#xF3;n Cubana :</subfield>
    <subfield code="b">consolidaci&#xF3;n de la rep&#xFA;blica, desde 1902 hasta 1951 /</subfield>
    <subfield code="c">Ramiro Guerra y S&#xE1;nchez, Jos&#xE9; M. P&#xE9;rez Cabrera, Juan J. Remos y Emeterio S. Santoventa.</subfield>
  </datafield>
  <datafield tag="260" ind1=" " ind2=" ">
    <subfield code="a">La Habana :</subfield>
    <subfield code="b">Historia de la Naci&#xF3;n Cubana,</subfield>
    <subfield code="c">1952.</subfield>
  </datafield>
  <datafield tag="300" ind1=" " ind2=" ">
    <subfield code="a">v. :</subfield>
    <subfield code="b">il. ;</subfield>
    <subfield code="c">25 cm.</subfield>
  </datafield>
  <datafield tag="500" ind1=" " ind2=" ">
    <subfield code="a">La biblioteca posee el v. 4, 6 y 10.</subfield>
  </datafield>
  <datafield tag="504" ind1=" " ind2=" ">
    <subfield code="a">Bibliograf&#xED;a : p. 415-418.</subfield>
  </datafield>
  <datafield tag="505" ind1="0" ind2=" ">
    <subfield code="g">v. 1</subfield>
    <subfield code="t">Culturas primitivas, descubrimiento, conquista y colonizaci&#xF3;n (desde la epoca precolombina hasta 1697).</subfield>
    <subfield code="g">v. 2</subfield>
    <subfield code="t">Guerras coloniales, Progresos conflictosy (desde 1697 hasta 1790).</subfield>
    <subfield code="g">v. 3</subfield>
    <subfield code="t">Ilustraci&#xF3;n, libertad de comercio (desde 1790 hasta 1837) .</subfield>
    <subfield code="g">v. 4</subfield>
    <subfield code="t">Ruptura con la metr&#xF3;polis (desde 1837 hasta 1868).</subfield>
    <subfield code="g">v. 5</subfield>
    <subfield code="t">Guerra de los Diez A&#xF1;os y otras actividades revolucionarias, desde 1868 hasta 1902 (1).</subfield>
    <subfield code="g">v. 6</subfield>
    <subfield code="t">Autonomismo, Guerra de Independencia, desde 1868 hasta 1902 (2).</subfield>
    <subfield code="g">v. 7</subfield>
    <subfield code="t">Cambio de soberan&#xED;a, desde 1868 hasta 1902 (3).</subfield>
    <subfield code="g">v. 8</subfield>
    <subfield code="t">Advenimiento de la Rep&#xFA;blica, desde 1902 hasta 1951 (1).</subfield>
    <subfield code="g">v. 9</subfield>
    <subfield code="t">Desarrollo econ&#xF3;mico y social Proceso, desde 1902 hasta 1951 (2)</subfield>
    <subfield code="g">v. 10</subfield>
    <subfield code="t">Consolidaci&#xF3;n de la Rep&#xFA;blica, desde 1902 hasta 1951 (3)</subfield>
  </datafield>
  <datafield tag="651" ind1=" " ind2="4">
    <subfield code="a">Cuba</subfield>
    <subfield code="x">Historia</subfield>
    <subfield code="9">493</subfield>
  </datafield>
  <datafield tag="700" ind1="1" ind2=" ">
    <subfield code="a">Guerray y S&#xE1;nchez, Ramiro,</subfield>
    <subfield code="d">1880-1970.</subfield>
    <subfield code="9">4529</subfield>
  </datafield>
  <datafield tag="700" ind1="1" ind2=" ">
    <subfield code="a">P&#xE9;rez Cabrera, Jos&#xE9; M.</subfield>
    <subfield code="9">4530</subfield>
  </datafield>
  <datafield tag="700" ind1="1" ind2=" ">
    <subfield code="a">Remos, Juan J.</subfield>
    <subfield code="9">4531</subfield>
  </datafield>
  <datafield tag="700" ind1="1" ind2=" ">
    <subfield code="a">Santovenia, Emeterio S.</subfield>
    <subfield code="9">4532</subfield>
  </datafield>
  <datafield tag="952" ind1=" " ind2=" ">
    <subfield code="0">0</subfield>
    <subfield code="1">0</subfield>
    <subfield code="5">2</subfield>
    <subfield code="7">2</subfield>
    <subfield code="8">MO</subfield>
    <subfield code="a">GR</subfield>
    <subfield code="b">GR</subfield>
    <subfield code="c">BD</subfield>
    <subfield code="d">2009-09-04</subfield>
    <subfield code="i">LF1</subfield>
    <subfield code="l">0</subfield>
    <subfield code="o">972.91 H673n</subfield>
    <subfield code="p">1349-10</subfield>
    <subfield code="r">2020-06-25</subfield>
    <subfield code="w">2020-06-25</subfield>
    <subfield code="y">2</subfield>
    <subfield code="Z">Pr&#xE9;stamo interno</subfield>
  </datafield>
  <datafield tag="952" ind1=" " ind2=" ">
    <subfield code="0">0</subfield>
    <subfield code="1">0</subfield>
    <subfield code="5">2</subfield>
    <subfield code="7">2</subfield>
    <subfield code="8">MO</subfield>
    <subfield code="a">GR</subfield>
    <subfield code="b">GR</subfield>
    <subfield code="c">BD</subfield>
    <subfield code="d">2009-11-25</subfield>
    <subfield code="i">LF1</subfield>
    <subfield code="l">0</subfield>
    <subfield code="o">972.91 H673n</subfield>
    <subfield code="p">1349-20</subfield>
    <subfield code="r">2020-06-25</subfield>
    <subfield code="t">e. 2</subfield>
    <subfield code="w">2020-06-25</subfield>
    <subfield code="y">2</subfield>
    <subfield code="Z">Pr&#xE9;stamo interno</subfield>
  </datafield>
  <datafield tag="999" ind1=" " ind2=" ">
    <subfield code="c">1278</subfield>
    <subfield code="d">1278</subfield>
  </datafield>
</record>
